Normal view MARC view
  • Bartee, Thomas C.

Entry Personal Name

Number of records used in: 9

001 - CONTROL NUMBER

  • control field: 25765

003 - CONTROL NUMBER IDENTIFIER

  • control field: NUST

005 - DATE AND TIME OF LATEST TRANSACTION

  • control field: 20191118110443.0

008 - FIXED-LENGTH DATA ELEMENTS

  • fixed length control field: 191118|| aca||aabn | a|a d

040 ## - CATALOGING SOURCE

  • Original cataloging agency: NUST
  • Transcribing agency: NUST

100 ## - HEADING--PERSONAL NAME

  • Personal name: Bartee, Thomas C.

670 ## - SOURCE DATA FOUND

  • Source citation: Work cat.: (NUST): Bartee, Thomas C., Digital computer fundamentals, New York
© 2023 Central Library, National University of Sciences and Technology. All Rights Reserved.